[Event "1st Archibald 2019"]
[Site "Sochi"]
[Date "2019.05.18"]
[Round "8.8"]
[White "Gharagyozyan, Artur"]
[Black "Gareyev, Timur"]
[Result "0-1"]
[WhiteElo "2321"]
[BlackElo "2570"]
[Annotator "TA"]
[PlyCount "84"]
[EventDate "2019.05.12"]
[EventType "swiss"]
[EventCountry "RUS"]
[SourceTitle "playchess.com"]
[Source "ChessBase"]
[SourceQuality "1"]

{[%evp 15,84,35,50,16,16,17,18,16,21,12,16,14,9,6,13,7,7,7,7,0,0,0,0,0,0,-7,0,-3,0,-25,13,10,7,4,23,0,29,0,33,4,14,-92,-79,-64,-57,-48,-52,-163,-155,-420,-372,-392,-407,-411,-412,-402,-389,-432,-426,-536,-545,-1183,-1061,-1026,-929,-1912,-1665,-2657,-2270,-29988,-29989]} 1. e4 e5 2. Nf3 Nc6 3. Bb5 f5 4. Nc3 fxe4 5. Nxe4 Nf6 6. Nxf6+ Qxf6 7. Qe2 Be7 8. Bxc6 bxc6 9. Qxe5 {C63: Ruy Lopez: Schliemann/Jaenisch Defence} O-O (9... d6 10. Qxf6 Bxf6 11. d4 O-O 12. Be3 Bg4 13. O-O-O Be7 14. Rd3 Bxf3 15. gxf3 Rxf3 16. Rc3 c5 17. dxc5 dxc5 {1-0 (29) Saric,I (2695)-Nihal,S (2576) St Petersburg 2018}) 10. O-O d6 11. Qxf6 {The position is equal.} Bxf6 12. d4 Bg4 13. Be3 $146 ({Predecessor:} 13. c3 Bxf3 14. gxf3 Rae8 15. Be3 d5 16. Rae1 Be7 17. Kg2 h6 18. Bc1 Bd6 {½-½ (18) Grout,S (2239)-Rowley,L (2276) ICCF email 2012}) 13... a5 14. Nd2 Bf5 15. c3 a4 16. b4 a3 17. Rac1 Be6 18. Rc2 Bf5 19. Rcc1 Rfe8 20. Rfe1 Be6 21. Rc2 Bf5 22. Rcc1 g5 23. f3 h5 24. Kf2 g4 25. Bf4 Rf8 26. Ne4 Bg7 27. g3 Be6 28. Nxd6 (28. Rc2 $11) 28... Bxa2 $17 29. Nb7 Bd5 $1 30. Na5 Bxf3 31. Ra1 {[#]} (31. Bxc7 $15 a2 32. Bf4) 31... c5 $1 $19 {[%cal Rc5b4][%mdl 512] Strongly threatening ...cxb4.} 32. Be5 $2 (32. Rxa3 $17 {might work better.} cxb4 33. cxb4) (32. bxc5 Rxa5) 32... cxb4 33. cxb4 Bd5+ 34. Kg1 a2 {Threatens to win with ...Rfb8.} 35. Bxg7 Kxg7 36. Re5 c6 37. Rxh5 Rfb8 38. Nxc6 Bxc6 39. Rg5+ Kf7 40. d5 Bd7 41. Rf1+ Ke7 42. Re1+ Kf6 {Accuracy: White = 35%, Black = 73%.} 0-1

[Event "1st Archibald 2019"]
[Site "Sochi"]
[Date "2019.05.18"]
[Round "8.9"]
[White "Tsydypov, Zhamsaran"]
[Black "Isanzhulov, Arystan"]
[Result "1-0"]
[WhiteElo "2546"]
[BlackElo "2254"]
[Annotator "RC"]
[PlyCount "124"]
[EventDate "2019.05.12"]
[EventType "swiss"]
[EventCountry "RUS"]
[SourceTitle "playchess.com"]
[Source "ChessBase"]
[SourceQuality "1"]
[TimeControl "5400+30"]

1. d4 {[%emt 0:05:31]} Nf6 {[%emt 0:00:00]} 2. c4 {[%emt 0:00:05]} b6 {[%emt 0:01:12]} 3. Nc3 {[%emt 0:00:48]} Bb7 {[%emt 0:00:00]} 4. Qc2 {[%emt 0:02:25]} d5 {[%emt 0:03:13]} 5. cxd5 {[%emt 0:00:19]} Nxd5 {[%emt 0:00:00]} 6. e4 {[%emt 0:00:43]} Nxc3 {[%emt 0:00:00]} 7. bxc3 {[%emt 0:00:03]} g6 {[%emt 0:01:12]} 8. Nf3 {[%emt 0:02:18]} Bg7 {[%emt 0:01:19]} 9. h4 {[%emt 0:04:08]} h6 {[%emt 0:00:00]} 10. Bc4 {[%emt 0:03:48]} Nd7 {[%emt 0:12:33]} 11. h5 {[%emt 0:04:06]} g5 {[%emt 0:08:45]} 12. e5 {[%emt 0:08:54]} e6 {[%emt 0:00:45]} 13. Bxe6 {[%emt 0:01:25]} Bxf3 {[%emt 0:06:01]} 14. Bxd7+ {[%emt 0:06:07]} Qxd7 {[%emt 0:00:22]} 15. gxf3 {[%emt 0:00:05]} Qc6 {[%emt 0:18:20]} 16. Rh3 {[%emt 0:04:55]} O-O-O {[%emt 0:00:20]} 17. Be3 {[%emt 0:02:04]} f6 {[%emt 0:05:52]} 18. exf6 {[%emt 0:02:33]} Bxf6 {[%emt 0:00:09]} 19. O-O-O {[%emt 0:00:08]} Rd5 {[%emt 0:01:51]} 20. f4 {[%emt 0:09:42]} g4 {[%emt 0:06:27]} 21. Rg3 {[%emt 0:02:08]} Rxh5 {[%emt 0:02:47]} 22. Rxg4 {[%emt 0:00:43]} Be7 {[%emt 0:00:39]} 23. Rg6 {[%emt 0:02:13]} Qb5 {[%emt 0:09:50]} 24. Rdg1 {[%emt 0:04:25]} Re8 {[%emt 0:07:43]} 25. Qb3 {[%emt 0:01:33]} Qd3 {[%emt 0:01:47]} 26. a4 {[%emt 0:04:48]} Bd6 {[%emt 0:04:42]} 27. R6g3 {[%emt 0:01:36]} Kb7 {[%emt 0:02:15]} 28. Kb2 {[%emt 0:04:14]} Rf5 {[%emt 0:01:20]} 29. Qc2 {[%emt 0:02:58]} Qxc2+ {[%emt 0:00:00]} 30. Kxc2 {[%emt 0:00:01]} Bxf4 {[%emt 0:00:49]} 31. Rf3 {[%emt 0:00:38]} Ref8 {[%emt 0:00:06]} 32. Rh1 {[%emt 0:00:21]} Bg5 {[%emt 0:01:02]} 33. Rxf5 {[%emt 0:00:00]} Rxf5 {[%emt 0:00:01]} 34. f4 {[%emt 0:00:19]} Be7 {[%emt 0:01:11]} 35. Rxh6 {[%emt 0:00:09]} Bd6 {[%emt 0:00:54]} 36. Rh4 {[%emt 0:01:25]} Kc6 {[%emt 0:01:16]} 37. Rg4 {[%emt 0:00:50]} a6 {[%emt 0:00:59]} 38. Rg5 {[%emt 0:01:20]} Rf6 {[%emt 0:00:00]} 39. f5 {[%emt 0:01:05]} Kd5 {[%emt 0:00:44]} 40. Kd3 {[%emt 0:00:36]} b5 {[%emt 0:00:00]} 41. axb5 {[%emt 0:00:03]} axb5 {[%emt 0:00:00]} 42. Rh5 {[%emt 0:01:52]} Rf7 {[%emt 0:03:10]} 43. Bf2 {[%emt 0:00:35]} c6 {[%emt 0:00:42]} 44. Bh4 {[%emt 0:01:11]} Bc7 {[%emt 0:00:33]} 45. Be7 {[%emt 0:00:52]} Rxe7 {[%emt 0:00:07]} 46. f6+ {[%emt 0:00:00]} Ke6 {[%emt 0:00:32]} 47. fxe7 {[%emt 0:00:33]} Kxe7 {[%emt 0:00:02]} 48. Kc2 {[%emt 0:01:55]} Ke6 {[%emt 0:00:31]} 49. Kd3 {[%emt 0:00:57]} Kd6 {[%emt 0:00:53]} 50. Rh7 {[%emt 0:00:19]} Ba5 {[%emt 0:00:42]} 51. Ra7 {[%emt 0:00:38]} Bb6 {[%emt 0:00:44]} 52. Ra6 {[%emt 0:00:30]} Bd8 {[%emt 0:00:34]} 53. Ke4 {[%emt 0:00:34]} Kc7 {[%emt 0:00:48]} 54. d5 {[%emt 0:00:28]} cxd5+ {[%emt 0:00:01]} 55. Kxd5 {[%emt 0:00:04]} Kb7 {[%emt 0:00:04]} 56. Ra3 {[%emt 0:00:06]} Be7 {[%emt 0:00:38]} 57. Rb3 {[%emt 0:00:06]} Kb6 {[%emt 0:00:34]} 58. c4 {[%emt 0:00:14]} b4 {[%emt 0:00:03]} 59. Re3 {[%emt 0:00:16]} Bg5 {[%emt 0:00:24]} 60. c5+ {[%emt 0:01:21]} Kb5 {[%emt 0:00:09]} 61. c6 {[%emt 0:00:37]} Bxe3 {[%emt 0:01:21]} 62. c7 {[%emt 0:00:10]} Kb6 {[%emt 0:00:03]} 1-0

[Event "1st Archibald 2019"]
[Site "Sochi"]
[Date "2019.05.18"]
[Round "8.10"]
[White "Pogosian, Manvel"]
[Black "Oganian, Miran"]
[Result "0-1"]
[WhiteElo "2388"]
[BlackElo "2415"]
[Annotator "NA"]
[PlyCount "66"]
[EventDate "2019.05.12"]
[EventType "swiss"]
[EventCountry "RUS"]
[SourceTitle "playchess.com"]
[Source "ChessBase"]
[SourceQuality "1"]
[TimeControl "5400+30"]

1. d4 {[%emt 0:00:00]} Nf6 {[%emt 0:00:00]} 2. c4 {[%emt 0:00:00]} c5 {[%emt 0:00:00]} 3. Nf3 {[%emt 0:01:08]} cxd4 {[%emt 0:00:29]} 4. Nxd4 {[%emt 0:00:41]} e5 {[%emt 0:00:11]} 5. Nb5 {[%emt 0:03:49]} d5 {[%emt 0:00:00]} 6. cxd5 {[%emt 0:00:54]} Bc5 {[%emt 0:00:00]} 7. e3 {[%emt 0:00:51]} O-O {[%emt 0:00:39]} 8. N5c3 {[%emt 0:01:32]} Qe7 {[%emt 0:00:46]} 9. a3 {[%emt 0:02:07] A31: Symmetrical English: 2 Nf3 Nf6 3 d4} e4 {[%emt 0:04:55]} 10. b4 {[%emt 0:01:24]} Bd6 {[%emt 0:00:54]} 11. Bb2 {[%emt 0:02:36]} Rd8 {[%emt 0:01:14]} 12. Be2 {[%emt 0:02:33]} a5 {[%emt 0:04:05]} 13. b5 {[%emt 0:19:21]} (13. Nd2 axb4 14. axb4 Rxa1 15. Qxa1 Bxb4 16. O-O Na6 17. Nc4 Bg4 18. Bxg4 Nxg4 {½-½ (49) Mchedlishvili,M (2636)-Bologan,V (2665) Melilla 2011}) 13... Nbd7 {[%emt 0:03:07]} 14. Nd2 {[%emt 0:01:41]} Nb6 {[%emt 0:01:30]} 15. Qc2 $146 {[%emt 0:06:42]} ({Predecessor:} 15. Nc4 Nxc4 16. Bxc4 Bf5 17. Ne2 Rac8 18. Qb3 Nd7 {½-½ (30) Arakeljan,A (2252)-Moiseev,V (2405) Tula 2018}) 15... Bf5 {[%emt 0:06:21]} 16. O-O {[%emt 0:08:13]} h5 {[%emt 0:05:02]} 17. Rfd1 {[%emt 0:05:36]} h4 {[%emt 0:04:24]} 18. Nf1 {[%emt 0:05:03]} Rac8 {[%emt 0:00:47]} 19. Qb3 {[%emt 0:02:21]} h3 {[%emt 0:01:23]} 20. Ng3 {[%emt 0:05:35]} Bd7 {[%emt 0:10:12]} 21. Bf1 {[%emt 0:03:41]} Bg4 $11 {[%emt 0:21:51]} 22. Re1 {[%emt 0:13:12]} hxg2 {[%emt 0:06:32]} 23. Bxg2 {[%emt 0:00:07]} Bxg3 {[%emt 0:08:55]} 24. hxg3 {[%emt 0:03:38]} Nc4 {[%emt 0:00:00]} 25. Rec1 {[%emt 0:02:17]} Nd2 {[%emt 0:03:49]} 26. Qa4 {[%emt 0:05:20]} Nf3+ {[%emt 0:02:50]} 27. Kf1 {[%emt 0:01:05]} Qe5 {[%emt 0:00:46]} 28. Nd1 {[%emt 0:01:38]} Qxd5 {[%emt 0:00:36]} 29. Bxf3 {[%emt 0:00:13]} Bxf3 {[%emt 0:01:00]} 30. Rxc8 {[%emt 0:00:30]} Rxc8 {[%emt 0:00:22]} 31. Bd4 {[%emt 0:01:08]} Qh5 {[%emt 0:03:04]} 32. Ke1 {[%emt 0:00:00]} Qh1+ {[%emt 0:00:04]} 33. Kd2 {[%emt 0:00:00]} Qf1 {[%emt 0:00:35]} 0-1

[Event "1st Archibald 2019"]
[Site "Sochi"]
[Date "2019.05.18"]
[Round "8.11"]
[White "Maltsevskaya, Aleksandra"]
[Black "Kovalenko, Igor"]
[Result "0-1"]
[WhiteElo "2299"]
[BlackElo "2663"]
[Annotator "TA"]
[PlyCount "54"]
[EventDate "2019.05.12"]
[EventType "swiss"]
[EventCountry "RUS"]
[SourceTitle "playchess.com"]
[Source "ChessBase"]
[SourceQuality "1"]

{[%evp 9,78,14,24,6,28,14,38,-17,-15,-24,-37,-42,-15,-34,-14,-35,-34,-47,0,0,-8,-13,0,-31,0,-21,-12,-47,-20,-68,-71,-106,-101,-109,-103,-131,-133,-137,-137,-127,-125,-256,-248,-247,-237,-256,-233,-234,-197,-208,-139,-217,-214,-320,-331,-337,-323,-372,-333,-371,-361,-330,-299,-295,-293,-369,-371,-444,-356,-729,-717]} 1. d4 Nf6 2. c4 g6 3. Nf3 Bg7 4. g3 c5 5. Bg2 cxd4 6. Nxd4 {E60: King's Indian: Unusual lines and Fianchetto Variation without Nc3} h5 7. h3 Nc6 8. Nxc6 $146 (8. Be3 $14) ({Predecessor:} 8. Nc3 O-O 9. O-O d6 10. Be3 Bd7 11. Qd2 Nxd4 12. Bxd4 Qc8 {0-1 (30) Dreev,A (2670)-Savchenko,B (2562) Moscow 2018}) 8... dxc6 $11 9. Qc2 Be6 10. Be3 Qa5+ 11. Nd2 Rd8 12. a3 Bf5 13. Qb3 Qa6 (13... Ne4 $5 14. Qb4 Qxb4 15. axb4 Nxd2 16. Bxd2 a6 $11) 14. O-O O-O 15. Rad1 Nd7 16. Qb4 Rfe8 (16... c5 $5 {[%cal Rc5b4]} 17. Qb3 b6 $11) 17. Ne4 b6 18. c5 Rb8 19. cxb6 Nxb6 20. Nc5 Qxe2 {White must now prevent ...Nd5!} 21. Rd2 Qc4 22. Bxc6 {[#]} Rec8 $1 {[%cal Rc8c6]} 23. Bb5 Qxb4 24. axb4 {[#]} Nd5 $1 {[%cal Rd5e3][%mdl 512]} 25. Ba6 (25. Rxd5 $17 {might work better.} Rxb5 26. Ra1) 25... Nxe3 $19 26. fxe3 {[#]} Rc6 $1 27. Bb7 Rd6 {Played: Rc6-b6} 0-1

[Event "1st Archibald 2019"]
[Site "Sochi"]
[Date "2019.05.18"]
[Round "8.12"]
[White "Raja Harshit"]
[Black "Yandarbiev, Ruslan"]
[Result "1-0"]
[WhiteElo "2446"]
[BlackElo "2279"]
[Annotator "NA"]
[PlyCount "60"]
[EventDate "2019.05.12"]
[EventType "swiss"]
[EventCountry "RUS"]
[SourceTitle "playchess.com"]
[Source "ChessBase"]
[SourceQuality "1"]
[TimeControl "5400+30"]

1. e4 {[%emt 0:00:00]} d6 {[%emt 0:00:00]} 2. d4 {[%emt 0:00:10]} Nf6 {[%emt 0:00:00]} 3. Nc3 {[%emt 0:00:00]} g6 {[%emt 0:00:00]} 4. Bf4 {[%emt 0:00:38]} Bg7 {[%emt 0:00:43]} 5. Qd2 {[%emt 0:01:16]} h6 {[%emt 0:04:28]} 6. h4 {[%emt 0:03:48]} c6 {[%emt 0:00:16]} 7. O-O-O {[%emt 0:01:33]} b5 {[%emt 0:00:17]} 8. Qe1 {[%emt 0:11:00]} b4 {[%emt 0:03:17]} 9. Nb1 {[%emt 0:00:40]} a5 {[%emt 0:01:32]} 10. c4 {[%emt 0:08:37]} Qb6 {[%emt 0:15:05]} 11. e5 {[%emt 0:05:15]} dxe5 {[%emt 0:00:45]} 12. dxe5 {[%emt 0:10:29]} Nh7 {[%emt 0:03:32]} (12... Nh5 $5 {[%cal Rh5f4]} 13. Be3 c5 $11) 13. Be3 {[%emt 0:06:57]} Qc7 {[%emt 0:08:38]} 14. f4 {[%emt 0:01:08]} Nf8 {[%emt 0:05:13]} 15. Qf2 {[%emt 0:01:48]} Ra6 {[%emt 0:01:21]} 16. Nd2 {[%emt 0:02:58]} Bf5 {[%emt 0:05:11]} 17. h5 {[%emt 0:03:49]} gxh5 {[%emt 0:03:59]} 18. Be2 $16 {[%emt 0:00:54]} ({Resist} 18. Rxh5 $6 Bg4 $16) 18... a4 {[%emt 0:02:54]} 19. Ngf3 {[%emt 0:03:49]} b3 {[%emt 0:07:12]} 20. axb3 {[%emt 0:06:03]} axb3 {[%emt 0:04:24]} 21. Nxb3 {[%emt 0:00:04]} Ne6 {[%emt 0:00:30]} 22. Bd3 {[%emt 0:00:12]} Bg4 {[%emt 0:01:20]} 23. f5 {[%emt 0:04:07]} Ng5 {[%emt 0:00:40]} 24. Nxg5 {[%emt 0:01:46]} hxg5 {[%emt 0:03:20]} 25. f6 {[%emt 0:00:10]} Bh6 {[%emt 0:00:15]} 26. Be2 {[%emt 0:03:45]} Bxe2 {[%emt 0:19:33]} 27. Qxe2 {[%emt 0:00:00]} h4 {[%emt 0:00:30]} 28. e6 {[%emt 0:00:58]} exf6 {[%emt 0:01:32]} 29. Qh5 {[%emt 0:01:02]} Rh7 {[%emt 0:03:34]} 30. Rhe1 {[%emt 0:00:02]} Ra8 {[%emt 0:02:53]} 1-0

[Event "1st Archibald 2019"]
[Site "Sochi"]
[Date "2019.05.18"]
[Round "8.13"]
[White "Bimiev, Ahmad"]
[Black "Lugovskoy, Maxim"]
[Result "0-1"]
[WhiteElo "2196"]
[BlackElo "2445"]
[Annotator "TA"]
[PlyCount "96"]
[EventDate "2019.05.12"]
[EventType "swiss"]
[EventCountry "RUS"]
[SourceTitle "playchess.com"]
[Source "ChessBase"]
[SourceQuality "1"]

{[%evp 14,96,10,10,8,-9,-12,-6,12,-22,-17,-44,-24,-47,-48,-85,-72,-77,-77,-89,-81,-88,-45,-50,22,33,14,0,0,0,0,0,0,0,0,-181,0,0,0,0,0,0,0,0,0,0,0,0,0,0,0,0,0,0,0,-85,-85,-87,0,0,0,0,0,0,0,0,0,0,0,0,0,0,0,0,0,0,0,0,0,0,0,-1829,-1829,-1147,-736]} 1. c4 e6 2. g3 d5 3. Bg2 Nf6 4. Nf3 d4 5. O-O c5 6. e3 Nc6 7. exd4 cxd4 8. d3 Bd6 {A13: English Opening: 1...e6} 9. Re1 O-O 10. Na3 e5 {The position is equal.} 11. Nc2 a5 12. b3 Re8 13. Ng5 $146 ({Predecessor:} 13. Bg5 Bd7 14. Nd2 h6 15. Bxf6 Qxf6 16. Ne4 Qg6 17. Nxd6 Qxd6 {½-½ (51) Ramirez Alvarez,A (2594)-Robson,R (2522) Saint Louis 2011}) 13... Bf5 14. Ne4 Nxe4 15. Bxe4 Bxe4 16. dxe4 Qd7 17. Qd3 f5 18. exf5 e4 (18... Rf8 $15) 19. Rxe4 $11 Ne5 20. Qd1 Qxf5 21. Rf4 Qg6 $1 22. Rxd4 (22. Nxd4 Nd3 $17) 22... Bc5 23. Rd5 Qe4 $1 {Hoping for ...Nf3+.} 24. Ne3 $2 (24. Rxc5 $11 Nf3+ 25. Kg2 Ne1+ {[%mdl 64] Discovered Attack (Double check)} 26. Kh3 Qg2+ 27. Kg4 Qe4+ {[%mdl 64] Double Attack} 28. Kh3 Qg2+ 29. Kg4 Qe4+ {[%mdl 64] Double Attack} 30. Kh3) 24... Bxe3 $2 (24... Bd4 $1 $19 {[%cal Rd4a1]} 25. Rxd4 Nf3+ 26. Kg2 Nxd4+ {[%mdl 64] Discovered Attack} 27. f3 Qe5) 25. Bxe3 Nf3+ 26. Kf1 Nxh2+ 27. Kg1 Nf3+ 28. Kf1 a4 29. bxa4 Rf8 30. Qd3 Qg4 $1 31. Kg2 {aiming for Rh1.} Nh4+ 32. Kh2 Rae8 33. Rh1 (33. gxh4 Rf3 $17) 33... h5 34. Kg1 (34. gxh4 {leads to mate.} Rf3 $1 {[%mdl 512]} 35. Qf1 Rexe3 36. Rd8+ Kh7 37. Qb1+ Re4 38. Qxe4+ Qxe4 39. Kg2 Rc3+ 40. Kh2 Qg4 41. Rd3 Rxd3 42. Rg1 Qh3#) (34. Rc5 $11 Rf7 35. Qd5 (35. gxh4 Rf3 $11) 35... Rxe3 36. fxe3 Nf3+ 37. Kg2) 34... Nf3+ $17 35. Kf1 h4 ({Black should play} 35... Ne5 $17 36. Rxe5 Rxe5) 36. gxh4 $1 $11 Ne5 37. Qd4 $1 Nxc4 38. Rg1 $1 {[%cal Rg1g4]} Nxe3+ 39. Qxe3 Qxh4 40. Qg3 {[%csl Gg1][%cal Rg3g7]} Qc4+ 41. Qd3 $1 {[%cal Rd3c4]} Qc1+ ({And not} 41... Qxa2 {[#]} 42. Rxg7+ $1 {[%mdl 512]} Kxg7 43. Qg3+ Kh6 44. Qh4+ Kg7 45. Qg4+ Kf6 46. Qf4+ Ke6 47. Qe4+ Kf7 48. Rf5+ Kg6 49. Qg4+ Kh7 50. Rh5#) 42. Qd1 $1 {[%cal Rd1c1]} Qh6 {( -> ...Qh3+)} 43. Qb3 Rf7 44. Rdg5 {White wants to play Rxg7+.} Qa6+ 45. Rb5 Qf6 $40 {[%csl Gf7][%cal Rf6f2][%mdl 128] Black has some attack.} 46. Rg2 Rc8 {White must now prevent ...Qa1+.} (46... Qh6 $5 47. Rbg5 $8 Re6 $11) 47. Kg1 $2 {[%mdl 8192]} (47. Rd5 $11) 47... Rc1+ $19 48. Kh2 Qh4+ {Accuracy: White = 56%, Black = 73%.} 0-1

[Event "1st Archibald 2019"]
[Site "Sochi"]
[Date "2019.05.18"]
[Round "8.14"]
[White "Solozhenkin, Evgeniy"]
[Black "Gritsayeva, Oksana"]
[Result "1/2-1/2"]
[WhiteElo "2441"]
[BlackElo "2383"]
[Annotator "ChessBase"]
[PlyCount "56"]
[EventDate "2019.05.12"]
[EventType "swiss"]
[EventCountry "RUS"]
[SourceTitle "playchess.com"]
[Source "ChessBase"]
[SourceQuality "1"]
[TimeControl "5400+30"]

1. e4 {[%emt 0:00:00]} c5 {[%emt 0:00:00]} 2. Nf3 {[%emt 0:00:00]} Nc6 {[%emt 0:00:00]} 3. d4 {[%emt 0:00:00]} cxd4 {[%emt 0:00:00]} 4. Nxd4 {[%emt 0:00:00]} Nf6 {[%emt 0:00:00]} 5. Nc3 {[%emt 0:00:02]} e5 {[%emt 0:00:00]} 6. Ndb5 {[%emt 0:00:06]} d6 {[%emt 0:00:00]} 7. Bg5 {[%emt 0:02:29]} a6 {[%emt 0:00:00]} 8. Na3 {[%emt 0:00:05]} Be6 {[%emt 0:00:00]} 9. Nc4 {[%emt 0:00:12]} Rb8 {[%emt 0:00:00]} 10. Bxf6 {[%emt 0:05:27]} Qxf6 {[%emt 0:00:00]} 11. Nd5 {[%emt 0:02:38]} Bxd5 {[%emt 0:00:28]} 12. exd5 {[%emt 0:07:48]} Na7 {[%emt 0:01:51]} 13. Be2 {[%emt 0:05:53]} Qd8 {[%emt 0:02:45]} 14. a4 {[%emt 0:03:42]} Be7 {[%emt 0:00:18]} 15. O-O {[%emt 0:07:28]} O-O {[%emt 0:01:55]} 16. Kh1 {[%emt 0:02:37]} Nc8 {[%emt 0:03:00]} 17. a5 {[%emt 0:00:00]} Bg5 {[%emt 0:02:15]} 18. Ra3 {[%emt 0:08:08]} g6 {[%emt 0:04:36]} 19. Rb3 {[%emt 0:01:37]} Re8 {[%emt 0:03:58]} 20. Rb4 {[%emt 0:02:27]} Qc7 {[%emt 0:01:09]} 21. c3 {[%emt 0:01:05]} Qc5 {[%emt 0:02:37]} 22. Ra4 {[%emt 0:22:53]} Kg7 {[%emt 0:08:00]} 23. b4 {[%emt 0:00:49]} Qc7 {[%emt 0:00:46]} 24. Ra3 {[%emt 0:00:08]} Ne7 {[%emt 0:08:47]} 25. Nb6 {[%emt 0:00:58]} Nc8 {[%emt 0:01:21]} 26. Nc4 {[%emt 0:00:00]} Ne7 {[%emt 0:01:21]} 27. Nb6 {[%emt 0:00:11]} Nc8 {[%emt 0:01:14]} 28. Nc4 {[%emt 0:00:04]} Ne7 {[%emt 0:02:56]} 1/2-1/2

[Event "1st Archibald 2019"]
[Site "Sochi"]
[Date "2019.05.18"]
[Round "8.15"]
[White "Ufimtsev, Egor"]
[Black "Guseva, Marina"]
[Result "1/2-1/2"]
[WhiteElo "2101"]
[BlackElo "2402"]
[Annotator "NA"]
[PlyCount "63"]
[EventDate "2019.05.12"]
[EventType "swiss"]
[EventCountry "RUS"]
[SourceTitle "playchess.com"]
[Source "ChessBase"]
[SourceQuality "1"]
[TimeControl "5400+30"]

1. d4 {[%emt 0:00:00]} d5 {[%emt 0:00:00]} 2. c4 {[%emt 0:00:00]} c6 {[%emt 0:00:00]} 3. Nf3 {[%emt 0:00:00]} Nf6 {[%emt 0:00:00]} 4. Qc2 {[%emt 0:00:00]} dxc4 {[%emt 0:00:00]} 5. e4 {[%emt 0:00:00]} (5. Qxc4 Bg4 6. Nbd2 Nbd7 7. g3 e6 8. Bg2 Bd6 9. Qb3 Nb6 10. O-O O-O 11. Re1 a5 12. e4 a4 13. Qc3 Re8 14. a3 {1-0 (64) Yu,Y (2764)-Kovalenko,I (2657) St Petersburg 2018}) 5... b5 {[%emt 0:00:05]} 6. b3 {[%emt 0:00:22] D11: Slav Defence: 3 Nf3 sidelines and 3...Nf6 4 e3 Bg4} cxb3 {[%emt 0:00:00]} 7. axb3 {[%emt 0:00:03]} e6 {[%emt 0:00:00]} 8. Bd2 {[%emt 0:00:00]} a5 {[%emt 0:00:14]} 9. Bd3 {[%emt 0:01:16]} Be7 $146 {[%emt 0:00:00]} ({Predecessor:} 9... Bb7 10. O-O {0-1 (45) Svensson,M (2166)-Jogstad,M (2283) Sweden 2017}) 10. O-O {[%emt 0:02:33]} Bb7 {[%emt 0:00:03]} 11. Nc3 {[%emt 0:00:30]} Na6 {[%emt 0:01:20]} 12. e5 {[%emt 0:00:06]} Nb4 {[%emt 0:01:16]} 13. exf6 {[%emt 0:00:04]} Nxc2 {[%emt 0:00:03]} 14. fxe7 {[%emt 0:00:34]} Qxe7 {[%emt 0:00:07]} 15. Bxc2 {[%emt 0:00:00]} O-O {[%emt 0:13:01]} 16. Ne4 {[%emt 0:11:40]} c5 {[%emt 0:08:34]} 17. dxc5 {[%emt 0:01:49]} f5 {[%emt 0:09:55]} 18. Nd6 {[%emt 0:03:18]} Bxf3 {[%emt 0:01:29]} 19. gxf3 {[%emt 0:00:33]} Rf6 {[%emt 0:00:35]} 20. b4 {[%emt 0:23:31]} Rg6+ {[%emt 0:02:16]} 21. Kh1 {[%emt 0:00:32]} Qh4 {[%emt 0:00:00]} 22. Ra3 {[%emt 0:00:00]} Qd4 {[%emt 0:11:09]} 23. Rd3 {[%emt 0:08:54]} Qb2 {[%emt 0:03:10]} 24. Bd1 {[%emt 0:08:02]} axb4 {[%emt 0:12:31] [#]} 25. c6 $1 {[%emt 0:00:22]} Qb1 {[%emt 0:00:42]} 26. Rb3 $16 {[%emt 0:00:47]} Qa1 {[%emt 0:07:48]} 27. c7 {[%emt 0:00:39]} Qd4 {[%emt 0:04:52]} 28. Bxb4 {[%emt 0:08:45]} Rh6 {[%emt 0:05:37]} 29. Rc3 {[%emt 0:03:21]} Rxh2+ {[%emt 0:01:23]} 30. Kg1 {[%emt 0:04:06]} Rh1+ {[%emt 0:00:18]} 31. Kxh1 {[%emt 0:00:00]} Qh4+ {[%emt 0:00:03]} 32. Kg2 {[%emt 0:00:06]} 1/2-1/2

[Event "1st Archibald 2019"]
[Site "Sochi"]
[Date "2019.05.18"]
[Round "8.16"]
[White "Eraschenkov, Denis"]
[Black "Mikhailovsky, Vladimir"]
[Result "1-0"]
[WhiteElo "2391"]
[BlackElo "2180"]
[Annotator "NA"]
[PlyCount "77"]
[EventDate "2019.05.12"]
[EventType "swiss"]
[EventCountry "RUS"]
[SourceTitle "playchess.com"]
[Source "ChessBase"]
[SourceQuality "1"]
[TimeControl "5400+30"]

1. e4 {[%emt 0:00:00]} c5 {[%emt 0:01:04]} 2. Nf3 {[%emt 0:00:27]} Nc6 {[%emt 0:00:09]} 3. Nc3 {[%emt 0:00:21]} e5 {[%emt 0:00:32]} 4. Bc4 {[%emt 0:00:17]} Be7 {[%emt 0:00:22]} 5. d3 {[%emt 0:00:22]} d6 {[%emt 0:00:07]} 6. O-O {[%emt 0:03:31]} Nf6 {[%emt 0:00:57]} 7. Nh4 {[%emt 0:00:53]} h6 {[%emt 0:11:40]} 8. g3 {[%emt 0:15:20]} Bh3 {[%emt 0:06:37]} 9. Ng2 {[%emt 0:02:21]} g5 {[%emt 0:05:39]} 10. f3 {[%emt 0:03:41]} Qd7 {[%emt 0:14:04]} 11. Rf2 {[%emt 0:00:58]} Nd4 {[%emt 0:05:13]} 12. Nd5 {[%emt 0:05:22]} Nxd5 {[%emt 0:16:53]} 13. Bxd5 {[%emt 0:00:45]} Bxg2 {[%emt 0:11:02]} 14. Kxg2 {[%emt 0:01:49]} h5 {[%emt 0:00:59]} 15. c3 {[%emt 0:20:43]} Ne6 {[%emt 0:02:30]} 16. Rb1 {[%emt 0:03:11]} h4 {[%emt 0:06:26]} 17. g4 {[%emt 0:00:13]} Rc8 {[%emt 0:00:25]} 18. Be3 {[%emt 0:03:30]} b6 {[%emt 0:01:15]} 19. Qd2 {[%emt 0:03:27]} f6 {[%emt 0:01:56]} 20. b4 {[%emt 0:01:47]} Kf8 {[%emt 0:00:40]} 21. bxc5 {[%emt 0:05:58]} dxc5 {[%emt 0:00:13]} 22. Qb2 {[%emt 0:00:36]} Kg7 {[%emt 0:01:10]} 23. Qb3 {[%emt 0:00:27]} Nc7 {[%emt 0:00:24]} 24. Bc4 {[%emt 0:00:24]} Rhd8 {[%emt 0:00:33]} 25. Rd2 {[%emt 0:00:37]} Rb8 {[%emt 0:00:17]} 26. d4 {[%emt 0:04:20]} exd4 {[%emt 0:05:13]} 27. cxd4 {[%emt 0:00:06]} Qc6 {[%emt 0:00:19]} 28. d5 {[%emt 0:10:52]} Qd7 {[%emt 0:00:04]} 29. Qc3 {[%emt 0:00:48]} Kg6 {[%emt 0:02:42]} 30. e5 {[%emt 0:01:15]} fxe5 {[%emt 0:00:08]} 31. d6 {[%emt 0:00:58]} Bxd6 {[%emt 0:00:49]} 32. Rbd1 {[%emt 0:00:44]} Qe7 {[%emt 0:00:25]} 33. Qd3+ {[%emt 0:00:54]} Kh6 {[%emt 0:02:41]} 34. Qf5 {[%emt 0:00:51]} Ne8 {[%emt 0:00:54]} 35. Bf7 {[%emt 0:01:06]} Qf6 {[%emt 0:00:27]} 36. Rxd6 {[%emt 0:00:22]} Rxd6 {[%emt 0:00:07]} 37. Rxd6 {[%emt 0:00:07]} Qxd6 {[%emt 0:00:08]} 38. Qxg5+ {[%emt 0:00:07]} Kh7 {[%emt 0:00:01]} 39. Qg8# {[%emt 0:00:09]} 1-0